Practical voip usinf VOCAL / (Record no. 6921)

MARC details
000 -LEADER
fixed length control field 00655nam a22002172 4500
001 - CONTROL NUMBER
control field 0000005219
005 - DATE AND TIME OF LATEST TRANSACTION
control field 20151217151956.0
008 - FIXED-LENGTH DATA ELEMENTS--GENERAL INFORMATION
fixed length control field 070608s xx 000 0 eng d
020 ## - INTERNATIONAL STANDARD BOOK NUMBER
International Standard Book Number 8173664390 :
Terms of availability KES 3,200
040 ## - CATALOGING SOURCE
Original cataloging agency KABU
Transcribing agency KABU
050 #0 - LIBRARY OF CONGRESS CALL NUMBER
Classification number TK5105.8865
Item number .D36
100 1# - MAIN ENTRY--PERSONAL NAME
Personal name Dang, Luan.
-- 0000156383
245 10 - TITLE STATEMENT
Title Practical voip usinf VOCAL /
Statement of responsibility, etc. Luan Dang, Cullen Jennings and David Kelly.
260 ## - PUBLICATION, DISTRIBUTION, ETC. (IMPRINT)
Place of publication, distribution, etc. Mumbai :
Name of publisher, distributor, etc. SPD,
Date of publication, distribution, etc. 2002.
300 ## - PHYSICAL DESCRIPTION
Extent xvii, 502 p.
650 #0 - SUBJECT ADDED ENTRY--TOPICAL TERM
Topical term or geographic name as entry element Internet telephony.
-- 0000156384
700 1# - ADDED ENTRY--PERSONAL NAME
Personal name Jennings, Cullen.
-- 0000156385
908 ## - PUT COMMAND PARAMETER (RLIN)
Put command parameter 070608
950 ## - LOCAL HOLDINGS (RLIN)
-- 1
Holdings
Withdrawn status Lost status Source of classification or shelving scheme Not for loan Home library Current library Date acquired Total Checkouts Full call number Barcode Date last seen Price effective from Koha item type
    Library of Congress Classification   Kabarak, Main Campus Kabarak, Main Campus 17/12/2015   TK5105.8865 .D36 008238 17/12/2015 17/12/2015 General Collection
Designed with assistance from East African Informatics Ltd